<?xml version="1.0" encoding="UTF-8"?>
<record
    xmlns:xsi="http://www.w3.org/2001/XMLSchema-instance"
    xsi:schemaLocation="http://www.loc.gov/MARC21/slim http://www.loc.gov/standards/marcxml/schema/MARC21slim.xsd"
    xmlns="http://www.loc.gov/MARC21/slim">

  <leader>00400nam a2200157Ia 4500</leader>
  <controlfield tag="008">230718s9999    xx            000 0 und d</controlfield>
  <datafield tag="041" ind1=" " ind2=" ">
    <subfield code="a">eng</subfield>
  </datafield>
  <datafield tag="082" ind1=" " ind2=" ">
    <subfield code="a">650.14</subfield>
    <subfield code="b">WAL</subfield>
  </datafield>
  <datafield tag="100" ind1=" " ind2=" ">
    <subfield code="a">Waldroop J.</subfield>
    <subfield code="9">121252</subfield>
  </datafield>
  <datafield tag="245" ind1=" " ind2=" ">
    <subfield code="a">Maximum Success</subfield>
  </datafield>
  <datafield tag="260" ind1=" " ind2=" ">
    <subfield code="c">2000</subfield>
    <subfield code="b">Currency</subfield>
  </datafield>
  <datafield tag="300" ind1=" " ind2=" ">
    <subfield code="a">325</subfield>
  </datafield>
  <datafield tag="365" ind1=" " ind2=" ">
    <subfield code="c">Rs.</subfield>
    <subfield code="b">945.50</subfield>
  </datafield>
  <datafield tag="700" ind1=" " ind2=" ">
    <subfield code="a">Waldroop J. &amp; Batler T.</subfield>
    <subfield code="9">186874</subfield>
  </datafield>
  <datafield tag="906" ind1=" " ind2=" ">
    <subfield code="d">B:619821-Oct-2000</subfield>
    <subfield code="c">OTH</subfield>
    <subfield code="b">141.82</subfield>
  </datafield>
  <datafield tag="999" ind1=" " ind2=" ">
    <subfield code="c">300747</subfield>
    <subfield code="d">300747</subfield>
  </datafield>
  <datafield tag="952" ind1=" " ind2=" ">
    <subfield code="0">0</subfield>
    <subfield code="1">0</subfield>
    <subfield code="4">0</subfield>
    <subfield code="7">0</subfield>
    <subfield code="a">CCEP</subfield>
    <subfield code="b">CCEP</subfield>
    <subfield code="d">2000-11-07</subfield>
    <subfield code="e">Technical Book Services</subfield>
    <subfield code="f">OTH</subfield>
    <subfield code="g">803.68</subfield>
    <subfield code="i">6198</subfield>
    <subfield code="l">1</subfield>
    <subfield code="o">650.14</subfield>
    <subfield code="p">CCEP-BK-11953</subfield>
    <subfield code="r">2026-01-27 07:29:43</subfield>
    <subfield code="s">2026-01-12</subfield>
    <subfield code="t">141.82</subfield>
    <subfield code="v">945.50</subfield>
    <subfield code="w">2000-10-21</subfield>
    <subfield code="y">BK</subfield>
    <subfield code="z">011953</subfield>
  </datafield>
</record>
